00705nam a22002057a 450000500170000001000270001702000260004403500270007003700240009703700190012108200100014010000200015024500900017026000370026027000640029730000360036149000490039750000330044670000200047920091215144342.0 aB-370323-333 B-444602 c105.00a9788179915073 aB-370323-333 B-444602 bPopular Parakashan  bBlue Berry/Ven a624.1 aKamath, Anjali  aMegastructures:bthe bigger, the better /cby Anjali Kamath; edited by Aziel Karthak  bPopular Prakashanc2009aMumbai  a301, Mahalaxmi, 22, Bhulabhai Desai Road, bMumbai e400026 a48p.:bcol. photos c28cm(pbk)  aBrainworks a kangaroo kids initiative series aIncludes glossary and index  a Karthak, Aziel